[Event "Preinscritos IRT Online"]
[Site "Chess.com INT"]
[Date "2020.12.26"]
[Round "4"]
[White "Bedon Palacios, Kevin David"]
[Black "Castillo Gonzalez, Thomas Davis"]
[Result "1-0"]
[WhiteElo "1705"]
[BlackElo "2012"]
[PlyCount "23"]
[EventDate "2020.12.26"]
[EventType "swiss"]
[EventRounds "11"]
[EventCountry "ECU"]
[SourceTitle "CBM 200 Extra"]
[Source "ChessBase"]
[SourceDate "2021.03.31"]
[SourceVersion "1"]
[SourceVersionDate "2021.03.31"]
[SourceQuality "1"]

1. e4 c6 2. d4 d5 3. Nc3 g6 4. Bf4 Bg7 5. e5 h5 6. h4 Bf5 7. Bd3 Bxd3 8. Qxd3 e6 9. Nf3 Ne7 10. 0-0-0 b5 11. Bg5 Nd7 12. Bxe7 1-0